Eggeassociats
Descripción Física:
38 p. : il. col. ; 21 cm
MARC
| LEADER | 00000nam a2200000Ia 4500 | ||
|---|---|---|---|
| 001 | 22332 | ||
| 008 | 160829s9999 xx 000 0 cat d | ||
| 080 | |a FU-54-31 | ||
| 245 | |a Eggeassociats | ||
| 260 | |a Barcelona : |b Eggeassociats, [2009] | ||
| 300 | |a 38 p. : |b il. col. ; |c 21 cm | ||
| 610 | 2 | 0 | |a Eggeassociats (Firma) |9 56502 |
| 650 | |a Comunicació audiovisual |9 42154 | ||
| 650 | |a Arts gràfiques I |9 42155 | ||
| 650 | |a Grafistes |9 42156 | ||
| 710 | 2 | |a Eggeassociats (Firma) |9 56502 | |
| 901 | |a Arxiu | ||
| 942 | |n 1 | ||
| 952 | |0 0 |1 0 |4 0 |6 FU5431 |7 1 |9 50682 |a Arxiu |b Arxiu |d 2016-12-01 |l 0 |o FU-54-31 |p 22332 |r 2016-12-01 00:00:00 |w 2016-12-01 |y ARXIU | ||
| 999 | |c 54524 |d 54524 | ||